000 00278nam a2200097Ic 4500
008 240520s9999 xx 000 0 und d
100 1 _aTarnant, John
245 1 0 _aDrucker : the man who insented the corporate society /
_cJohn Tarnant
264 1 _b[S.l. : s.n.]
_c1980
942 _cBK
999 _c18472
_d18472